000 00849nam a2200253Ia 4500
003 OSt
005 20220930092848.0
006 a|||||r|||| 00| 0
007 ta
008 220926b |||||||| |||| 00| 0 eng d
024 _a25498
037 _cTheses
040 _aCRL
_cCRL
_beng
041 _2eng
_aeng
100 _aDas Udayabhanu
_9549891
110 _aUniversity OF Delhi. Faculty OF Medical Sciences. Department OF Community Health Administration
245 0 _aAssessment of disaster preparedness of a large hospital in Delhi
260 _c2015
650 _aCOMMUNITY HEALTH SERVICES
700 _a Prof. A. K. Sood Gu.
_9549892
700 _aUniversity OF Delhi. Faculty OF Medical Sciences. Department OF Community Health Administration
942 _cDIS
_2CC
999 _c884409
_d884409